000
00328nam a2200133Ia 4500
005
20251222142012.0
008
251222s9999||||xx |||||||||||||| ||spa||
020
_a
84-7490-395-5
082
_a
709.015/P42
100
_a
Peña, Ignacio
245
0
_a
El Arte Cristiano de la Siria Bizantina
264
_b
Encuentro
942
_c
LIB
999
_c
10351
_d
10351